Normal view
MARC view
- World Wide Web (Information retrieval system)
Entry Topical Term
001 - CONTROL NUMBER
- control field: 653
003 - CONTROL NUMBER IDENTIFIER
- control field: OSt
005 - DATE AND TIME OF LATEST TRANSACTION
- control field: 20170503101229.0
008 - FIXED-LENGTH DATA ELEMENTS
- fixed length control field: 170503|| aca||aabn | a|a d
040 ## - CATALOGING SOURCE
- Original cataloging agency: OSt
- Transcribing agency: OSt
150 ## - HEADING--TOPICAL TERM
- Topical term or geographic name entry element: World Wide Web (Information retrieval system)
670 ## - SOURCE DATA FOUND
- Source citation: Work cat.: (OSt)0: Ahmad Basri Hashim 651, Pendidikan dalam Internet /, 1999

PORTAL AKMAL
E-MEL JKDM
AKMAL2U
G-BAM
u-PUSTAKA